000 00214nam a22000857a 4500
008 170210b xxu||||| |||| 00| 0 eng d
100 _92858
_aTrent Setters
245 _aMy Songs And Games
260 _aNew Delhi
_bINC
_c2008
999 _c6078
_d6078